Monique. Les gestes. Reconnaissance. Trois récits de guerre

-д хадгалсан:
Номзүйн дэлгэрэнгүй
Үндсэн зохиолч: Bourget, Paul
Формат: Ном
Хэл сонгох:франц
Хэвлэсэн: París, Francia Plon 1937
Цуврал:Nouvelle Bibliothèque Plon. 14
Нөхцлүүд:
Шошгууд: Шошго нэмэх
Шошго байхгүй, Энэхүү баримтыг шошголох эхний хүн болох!

MARC

LEADER 00000nam a2200000 a 4500
001 UCZ8266
003 CL-VaPUC
005 20210330001627.0
008 960119e19370000FR |||||||||||||||||fre|d
999 |c 244201  |d 244199 
040 |c Pontificia Universidad Católica de Valparaíso 
082 0 4 |a 844 BOU 1937  |2 21 
100 0 |a Bourget, Paul  |9 353497 
245 1 0 |a Monique. Les gestes. Reconnaissance. Trois récits de guerre 
260 0 3 |a París, Francia  |b Plon  |c 1937 
300 |a 251 páginas 
490 0 |a Nouvelle Bibliothèque Plon.  |v 14 
583 |a last modification  |c 19960119 00:00:00  |k Rodrigo Vera 
650 0 |a Ensayos franceses  |9 265511 
942 |c BK  |2 ddc 
945 |d 19960119 00:00:00  |a rleighto 
952 |0 0  |1 0  |2 ddc  |4 0  |6 844_000000000000000_BOU_1937  |7 0  |8 A  |9 258182  |a BIBEDU  |b BIBEDU  |d 2019-11-19  |i 3170861  |o 844 BOU 1937  |p 3170861  |r 2019-11-19  |t 1  |w 2019-11-19  |y BK  |k LIT